[Event "Heusenstamm Sparkassen op-A 7th"]
[Site "Heusenstamm"]
[Date "2021.11.21"]
[Round "7.68"]
[White "Gollon, Sinan"]
[Black "Plaumann, Arvin"]
[Result "0-1"]
[WhiteElo "1309"]
[BlackElo "1613"]
[PlyCount "152"]
[EventDate "2021.11.18"]
[EventType "swiss"]
[EventRounds "7"]
[EventCountry "GER"]
[SourceTitle "EXT 2023"]
[Source "ChessBase"]
[SourceDate "2022.10.05"]
[SourceVersion "1"]
[SourceVersionDate "2022.10.05"]
[SourceQuality "1"]

1. e4 e6 2. Nf3 d5 3. e5 c5 4. b4 cxb4 5. a3 bxa3 6. d4 Bd7 7. Bd3 Nc6 8. 0-0 Nge7 9. Bxa3 h6 10. Nbd2 Nc8 11. Bxf8 Rxf8 12. c4 dxc4 13. Nxc4 N6e7 14. Be4 Bc6 15. Qb1 Bxe4 16. Qxe4 Qd5 17. Nfd2 b5 18. Ne3 Qxe4 19. Nxe4 Nc6 20. d5 Nxe5 21. dxe6 fxe6 22. Rfb1 Rb8 23. Ra5 Nf7 24. Raxb5 Rxb5 25. Rxb5 Nfd6 26. Nxd6+ Nxd6 27. Ra5 Rf7 28. Ra6 Rd7 29. f3 Ke7 30. Ng4 Nf7 31. Ra5 Rb7 32. f4 Nd6 33. Ne5 Nb5 34. Kf2 Kf6 35. g3 Nc7 36. Kf3 a6 37. Nd7+ Ke7 38. Nc5 Rb5 39. Rxb5 axb5 40. Ke4 Ne8 41. Nd3 Kd6 42. Kd4 Nc7 43. Ke4 Nd5 44. f5 Nf6+ 45. Kf4 Nd5+ 46. Ke4 exf5+ 47. Kxf5 Ne7+ 48. Ke4 g6 49. Kd4 Nf5+ 50. Kc3 Ne3 51. h3 Nd5+ 52. Kb3 Ke6 53. g4 Kf6 54. h4 Ne3 55. g5+ hxg5 56. hxg5+ Kxg5 57. Kb4 Kf5 58. Kxb5 g5 59. Nf2 Ke5 60. Kc5 Nc2 61. Kc4 Ne1 62. Kc3 Nf3 63. Kd3 Ng1 64. Ke3 Kf5 65. Nh1 Kg4 66. Kf2 Nh3+ 67. Kg2 Nf4+ 68. Kh2 Kf3 69. Kg1 Ne2+ 70. Kh2 g4 71. Nf2 Kxf2 72. Kh1 Nd4 73. Kh2 g3+ 74. Kh1 g2+ 75. Kh2 g1Q+ 76. Kh3 Qg3# 0-1

[Event "Heusenstamm Sparkassen op-A 7th"]
[Site "Heusenstamm"]
[Date "2021.11.19"]
[Round "2.31"]
[White "Gollon, Sinan"]
[Black "Spilles, Matthias"]
[Result "0-1"]
[WhiteElo "1309"]
[BlackElo "2088"]
[PlyCount "56"]
[EventDate "2021.11.18"]
[EventType "swiss"]
[EventRounds "7"]
[EventCountry "GER"]
[SourceTitle "EXT 2023"]
[Source "ChessBase"]
[SourceDate "2022.10.05"]
[SourceVersion "1"]
[SourceVersionDate "2022.10.05"]
[SourceQuality "1"]

1. e4 e6 2. Nf3 d5 3. e5 c5 4. b4 b6 5. b5 Ne7 6. c3 Ng6 7. d4 Be7 8. Bd3 0-0 9. 0-0 a6 10. dxc5 bxc5 11. c4 axb5 12. cxd5 exd5 13. Bxb5 Be6 14. Qc2 Qb6 15. a4 Na6 16. Bg5 Nb4 17. Qd1 Rfd8 18. Bxe7 Nxe7 19. Nc3 Bf5 20. Nh4 Bc2 21. Qf3 Qh6 22. g3 Qe6 23. Rfe1 c4 24. Qe2 Bd3 25. Qd2 Nc2 26. Na2 Nxa1 27. Rxa1 Ng6 28. Nxg6 Bxg6 0-1